[Event "CRO-chT2 East"]
[Site "Osijek"]
[Date "2013.10.27"]
[Round "11.55"]
[White "Svetinovic, Darjan"]
[Black "Bjelica, Vladimir"]
[Result "1-0"]
[WhiteElo "1916"]
[BlackElo "2038"]
[PlyCount "101"]
[EventDate "2013.04.20"]
[EventType "team-tourn"]
[EventRounds "11"]
[EventCountry "CRO"]
[SourceTitle "EXT 2023"]
[Source "ChessBase"]
[SourceDate "2022.10.05"]
[SourceVersion "1"]
[SourceVersionDate "2022.10.05"]
[SourceQuality "1"]

1. c4 e5 2. Nc3 Nc6 3. Nf3 Nf6 4. d3 h6 5. g3 d6 6. Bg2 Be7 7. a3 0-0 8. b4 Nd4 9. e3 Nxf3+ 10. Qxf3 c6 11. Qe2 d5 12. 0-0 Be6 13. Bb2 Qd7 14. Na4 d4 15. Rac1 b6 16. b5 cxb5 17. cxb5 Rac8 18. Bc6 Qd6 19. e4 Bh3 20. Rfe1 Ng4 21. Rc2 Bg5 22. Bc1 Qf6 23. Nb2 h5 24. Nc4 g6 25. a4 Kg7 26. Bxg5 Qxg5 27. Qd2 Qf6 28. f4 h4 29. fxe5 Nxe5 30. Nxe5 Qxe5 31. Qf4 Qxf4 32. gxf4 Rc7 33. Kf2 Rh8 34. Rb2 Rd8 35. Kf3 Kh6 36. e5 Bf5 37. Rd2 a6 38. Be4 a5 39. Bxf5 gxf5 40. e6 Re7 41. Rde2 f6 42. Rc2 Kg7 43. Rc6 Rb8 44. Rg1+ Kf8 45. Rg6 Rbe8 46. Rxb6 Rxe6 47. Rxf6+ Rxf6 48. Rxf6+ Kg7 49. Rxf5 Re3+ 50. Kf2 Rxd3 51. b6 1-0

[Event "Osijek Baranja CupT 5th"]
[Site "Nasice"]
[Date "2012.03.10"]
[Round "3.5"]
[White "Svetinovic, Darjan"]
[Black "Fridl, Miroslav"]
[Result "1-0"]
[WhiteElo "1846"]
[BlackElo "1997"]
[PlyCount "119"]
[EventDate "2012.03.09"]
[EventType "team-swiss"]
[EventRounds "5"]
[EventCountry "CRO"]
[SourceTitle "EXT 2014"]
[Source "ChessBase"]
[SourceDate "2013.11.20"]
[SourceVersion "1"]
[SourceVersionDate "2013.11.20"]
[SourceQuality "1"]

1. c4 c6 2. d4 d5 3. Nc3 Nf6 4. Bg5 e6 5. e3 a6 6. Nf3 Nbd7 7. Rc1 Qa5 8. Bxf6 Nxf6 9. Nd2 Bb4 10. Qb3 0-0 11. a3 Bxc3 12. Qxc3 Qxc3 13. Rxc3 Re8 14. Nf3 Ne4 15. Rc1 f6 16. Bd3 Nd6 17. cxd5 exd5 18. 0-0 Bg4 19. Nd2 Re7 20. b4 Bf5 21. Bxf5 Nxf5 22. Rc2 a5 23. b5 cxb5 24. Rc5 Rd7 25. Rxb5 a4 26. Rfb1 Ra7 27. Rc1 Kf7 28. Nb1 Ke6 29. Rcc5 Ra6 30. Nc3 Nd6 31. Rb4 Nc4 32. Nxd5 Nxa3 33. Nc7+ Rxc7 34. Rxc7 b5 35. Kf1 Nc4 36. Rxb5 Nd6 37. Rb2 a3 38. Ra2 Kd5 39. Rc5+ Ke6 40. Rc3 Nb5 41. Rb3 Ra5 42. Rxb5 Rxb5 43. Rxa3 h5 44. Ke2 g5 45. h3 g4 46. hxg4 hxg4 47. Rd3 f5 48. f3 Kd5 49. Rd2 Ra5 50. Kf2 Ra3 51. Rc2 Rb3 52. Rc5+ Ke6 53. Re5+ Kf6 54. Kg3 Rb2 55. Kf4 Rxg2 56. Rxf5+ Ke6 57. fxg4 Re2 58. Ke4 Rg2 59. Rf4 Rg1 60. Kf3 1-0

[Event "Osijek-ch op"]
[Site "Osijek"]
[Date "2012.02.25"]
[Round "6"]
[White "Svetinovic, Darjan"]
[Black "Fridl, Miroslav"]
[Result "1/2-1/2"]
[WhiteElo "1846"]
[BlackElo "1997"]
[PlyCount "79"]
[EventDate "2012.02.23"]
[EventType "swiss"]
[EventRounds "7"]
[EventCountry "CRO"]
[SourceTitle "EXT 2013"]
[Source "ChessBase"]
[SourceDate "2012.11.22"]
[SourceVersion "1"]
[SourceVersionDate "2012.11.22"]
[SourceQuality "1"]

1. c4 c6 2. Nf3 d5 3. e3 e6 4. d4 Nf6 5. Qc2 a6 6. g3 Bd6 7. Nbd2 Nbd7 8. Bg2 0-0 9. 0-0 Re8 10. b3 Qc7 11. Bb2 b5 12. Rac1 Bb7 13. Rfe1 Rac8 14. c5 Bf8 15. e4 dxe4 16. Nxe4 Nxe4 17. Rxe4 g6 18. b4 Bg7 19. Ne5 Nf6 20. Re2 Rcd8 21. Rd1 Nd5 22. Bxd5 exd5 23. Rde1 Re7 24. Nf3 Rde8 25. Qd2 Bc8 26. Rxe7 Rxe7 27. Rxe7 Qxe7 28. Qe1 Be6 29. Qe3 f6 30. Ne1 Kf7 31. Nd3 Qd7 32. Bc1 Bf5 33. Kg2 Bh3+ 34. Kg1 g5 35. f3 Bf5 36. g4 Bg6 37. Kg2 h6 38. h3 Qc7 39. Bd2 Qc8 40. Kf2 1/2-1/2

[Event "CRO-chT U20 20th"]
[Site "Sv Filip i Jakov"]
[Date "2011.04.28"]
[Round "5"]
[White "Svetinovic, Darjan"]
[Black "Havas, Janko"]
[Result "1/2-1/2"]
[WhiteElo "1917"]
[BlackElo "2121"]
[PlyCount "94"]
[EventDate "2011.04.26"]
[EventType "team-tourn"]
[EventRounds "11"]
[EventCountry "CRO"]
[SourceTitle "EXT 2012"]
[Source "ChessBase"]
[SourceDate "2011.11.24"]
[SourceVersion "1"]
[SourceVersionDate "2011.11.24"]
[SourceQuality "1"]

1. c4 Nf6 2. Nc3 g6 3. g3 Bg7 4. Bg2 0-0 5. d4 d6 6. Nf3 Nc6 7. h3 a6 8. 0-0 Rb8 9. e4 e5 10. d5 Ne7 11. Ne1 Nh5 12. Kh2 b5 13. cxb5 axb5 14. a4 b4 15. Nb5 Ba6 16. Qc2 Bxb5 17. axb5 Rxb5 18. Be3 Rb7 19. Nd3 f5 20. Rfc1 Kh8 21. Ra7 Rxa7 22. Bxa7 Bh6 23. Be3 Bxe3 24. fxe3 fxe4 25. Nxb4 Nf6 26. Nc6 Nxc6 27. Qxc6 Rf7 28. b4 Kg7 29. Ra1 Qd7 30. b5 Qxc6 31. dxc6 d5 32. Ra7 Ne8 33. h4 Nd6 34. Bh3 Nxb5 35. Ra5 Nc3 36. Be6 Rf6 37. Bxd5 Nxd5 38. Rxd5 Rxc6 39. Rxe5 Rc4 40. Re7+ Kf6 41. Rxh7 c5 42. g4 Rc1 43. Rc7 c4 44. Kg3 Ke5 45. Rc5+ Kd6 46. Rc8 c3 47. Kf4 Kd5 1/2-1/2

[Event "CRO-chT U20 20th"]
[Site "Sv Filip i Jakov"]
[Date "2011.04.27"]
[Round "4"]
[White "Buhin, Denis"]
[Black "Svetinovic, Darjan"]
[Result "1-0"]
[WhiteElo "1938"]
[BlackElo "1917"]
[PlyCount "95"]
[EventDate "2011.04.26"]
[EventType "team-tourn"]
[EventRounds "11"]
[EventCountry "CRO"]
[SourceTitle "EXT 2012"]
[Source "ChessBase"]
[SourceDate "2011.11.24"]
[SourceVersion "1"]
[SourceVersionDate "2011.11.24"]
[SourceQuality "1"]

1. c4 Nf6 2. Nc3 e6 3. g3 d5 4. d4 c6 5. e3 Nbd7 6. Nf3 Be7 7. Qc2 0-0 8. a3 Re8 9. b3 a6 10. Bg2 Bd6 11. 0-0 Rb8 12. Bb2 dxc4 13. bxc4 e5 14. Rfd1 Qc7 15. c5 Bf8 16. dxe5 Nxe5 17. Nxe5 Rxe5 18. Na4 Re8 19. Rac1 Be7 20. Qc3 Be6 21. e4 Rbd8 22. f4 Bf8 23. Qb4 a5 24. Qc3 Rxd1+ 25. Rxd1 Rd8 26. Rd3 Rxd3 27. Qxd3 Qd7 28. Qc2 Bg4 29. e5 Qd1+ 30. Qxd1 Bxd1 31. Nc3 Bxc5+ 32. Kf1 Ng4 33. Nxd1 Nxh2+ 34. Ke2 Ng4 35. Bf3 Nh6 36. g4 Kf8 37. Kd3 Ng8 38. Nc3 Ne7 39. Ne4 Ba7 40. Nd6 b5 41. Be4 g6 42. Nb7 a4 43. Bd4 Bb8 44. Na5 h5 45. gxh5 gxh5 46. Bc5 Ke8 47. Bxe7 Kxe7 48. Nxc6+ 1-0

[Event "CRO-chT U20 20th"]
[Site "Sv Filip i Jakov"]
[Date "2011.04.26"]
[Round "1"]
[White "Skvorc, Emanuel"]
[Black "Svetinovic, Darjan"]
[Result "1-0"]
[WhiteElo "1746"]
[BlackElo "1917"]
[PlyCount "55"]
[EventDate "2011.04.26"]
[EventType "team-tourn"]
[EventRounds "11"]
[EventCountry "CRO"]
[SourceTitle "EXT 2012"]
[Source "ChessBase"]
[SourceDate "2011.11.24"]
[SourceVersion "1"]
[SourceVersionDate "2011.11.24"]
[SourceQuality "1"]

1. e4 c5 2. Nf3 d6 3. d4 cxd4 4. Nxd4 Nf6 5. Nc3 g6 6. Be3 Ng4 7. Bb5+ Nc6 8. Nxc6 bxc6 9. Bxc6+ Bd7 10. Bxa8 Nxe3 11. fxe3 Qxa8 12. 0-0 Bg7 13. Qd5 0-0 14. Rxf7 Qxd5 15. Rxf8+ Kxf8 16. Nxd5 Bxb2 17. Rb1 Bf6 18. Nxf6 exf6 19. Rb7 Ke7 20. Rxa7 Ke6 21. Rxd7 Kxd7 22. Kf2 Kc6 23. Ke2 Kc5 24. Kd3 Kb4 25. Kd4 Ka3 26. Kd5 Kxa2 27. Kxd6 Kb2 28. c4 1-0

[Event "Valpovo op U20"]
[Site "Valpovo"]
[Date "2010.12.03"]
[Round "2"]
[White "Svetinovic, Darjan"]
[Black "Jambrusic, Zvonimir"]
[Result "1/2-1/2"]
[WhiteElo "1917"]
[BlackElo "1839"]
[PlyCount "20"]
[EventDate "2010.12.03"]
[EventType "swiss"]
[EventRounds "7"]
[EventCountry "CRO"]
[SourceTitle "CBM 139 Extra"]
[Source "ChessBase"]
[SourceDate "2011.01.05"]
[SourceVersion "1"]
[SourceVersionDate "2011.01.05"]
[SourceQuality "1"]

1. c4 c6 2. g3 d5 3. cxd5 cxd5 4. Bg2 Nf6 5. d4 Bf5 6. Nc3 e6 7. Nf3 Nc6 8. a3 Bd6 9. 0-0 a6 10. Nh4 Bg4 1/2-1/2

[Event "Osijek op"]
[Site "Osijek"]
[Date "2010.01.24"]
[Round "3"]
[White "Svetinovic, Darjan"]
[Black "Mravunac, Branko"]
[Result "1-0"]
[WhiteElo "1904"]
[BlackElo "2072"]
[PlyCount "135"]
[EventDate "2010.01.23"]
[EventType "swiss"]
[EventRounds "9"]
[EventCountry "CRO"]
[SourceTitle "CBM 134 Extra"]
[Source "ChessBase"]
[SourceDate "2010.03.03"]
[SourceVersion "1"]
[SourceVersionDate "2010.03.03"]
[SourceQuality "1"]

1. e4 d6 2. d4 Nf6 3. Bd3 Nc6 4. Ne2 e5 5. c3 a6 6. d5 Ne7 7. f3 Ng6 8. Be3 Be7 9. c4 h5 10. Nbc3 h4 11. Qc2 Nh5 12. Qd2 Ngf4 13. Nxf4 Nxf4 14. Bxf4 exf4 15. 0-0-0 Bf6 16. h3 g5 17. Kb1 Be5 18. Rc1 b6 19. Ne2 Qf6 20. Bc2 Bxb2 21. Ba4+ b5 22. Bxb5+ axb5 23. Qxb2 Qxb2+ 24. Kxb2 bxc4 25. Rxc4 Ba6 26. Rc2 Bxe2 27. Rxe2 Kd7 28. Rb1 Ra5 29. Rc2 Rha8 30. Ka1 f5 31. Rb7 Rc8 32. Rb4 fxe4 33. fxe4 Re8 34. a4 Rea8 35. Ra2 Ke7 36. Kb2 Kf6 37. Kb3 Rc5 38. Rc4 Ke5 39. Rxc5 dxc5 40. a5 Kxe4 41. Kc4 f3 42. gxf3+ Kxf3 43. Kxc5 Kg3 44. Ra3+ Kg2 45. Kc6 g4 46. hxg4 h3 47. Kxc7 h2 48. Ra2+ Kg1 49. Rxh2 Kxh2 50. d6 Ra7+ 51. Kb6 Rg7 52. a6 Rd7 53. Kc6 Ra7 54. d7 Rxa6+ 55. Kb7 Rd6 56. Kc7 Rg6 57. d8Q Rxg4 58. Qf6 Kg3 59. Kd6 Rf4 60. Qg5+ Rg4 61. Qe3+ Kg2 62. Ke5 Rg3 63. Qe2+ Kg1 64. Kf4 Rg2 65. Qe1+ Kh2 66. Kf3 Rg6 67. Qe5+ Kg1 68. Qc5+ 1-0

[Event "Osijek op"]
[Site "Osijek"]
[Date "2010.01.23"]
[Round "1"]
[White "Svetinovic, Darjan"]
[Black "Medak, Bojan"]
[Result "0-1"]
[WhiteElo "1904"]
[BlackElo "2354"]
[PlyCount "76"]
[EventDate "2010.01.23"]
[EventType "swiss"]
[EventRounds "9"]
[EventCountry "CRO"]
[SourceTitle "CBM 134 Extra"]
[Source "ChessBase"]
[SourceDate "2010.03.03"]
[SourceVersion "1"]
[SourceVersionDate "2010.03.03"]
[SourceQuality "1"]

1. e4 d6 2. d4 Nf6 3. Bd3 e5 4. Ne2 Nc6 5. c3 Be7 6. d5 Nb8 7. f3 c6 8. c4 0-0 9. Nbc3 Nh5 10. Qc2 Bg5 11. g4 Nf4 12. Nxf4 exf4 13. Bd2 Bh4+ 14. Kd1 Nd7 15. Bxf4 Qf6 16. Qd2 Ne5 17. Be2 h6 18. Bxe5 Qxe5 19. f4 Qe7 20. Kc2 Bd7 21. Rad1 Rac8 22. Bf3 cxd5 23. Qxd5 Rfd8 24. b3 Bc6 25. Qd3 a6 26. Nd5 Bxd5 27. Qxd5 b5 28. Be2 Rc5 29. Qd4 Bf6 30. Qd3 Qc7 31. Rhf1 Qa5 32. Rc1 Qxa2+ 33. Kd1 bxc4 34. bxc4 Ra5 35. Ke1 Bh4+ 36. Kd1 Rb8 37. Rc2 Rb2 38. Kd2 Ra3 0-1

[Event "CRO-chT U20 18th"]
[Site "Sv Filip i Jakov"]
[Date "2009.04.19"]
[Round "11"]
[White "Novosel, Tomislav"]
[Black "Svetinovic, Darjan"]
[Result "1-0"]
[WhiteElo "2189"]
[BlackElo "1896"]
[PlyCount "87"]
[EventDate "2009.04.14"]
[EventType "team-tourn"]
[EventRounds "11"]
[EventCountry "CRO"]
[SourceTitle "CBM 129 Extra"]
[Source "ChessBase"]
[SourceDate "2009.05.05"]
[SourceVersion "2"]
[SourceVersionDate "2009.05.20"]
[SourceQuality "1"]

1. d4 d5 2. Nf3 Nf6 3. c4 e6 4. Nc3 c6 5. e3 Nbd7 6. Qc2 g6 7. Be2 Bg7 8. 0-0 0-0 9. e4 dxe4 10. Nxe4 Nxe4 11. Qxe4 c5 12. Rd1 cxd4 13. Nxd4 Qe7 14. Be3 Nc5 15. Qc2 e5 16. Nb3 Nxb3 17. Qxb3 Kh8 18. Rd5 Qc7 19. Bc5 Re8 20. Bd6 Qc6 21. Rad1 b6 22. Qe3 Bb7 23. Ba3 Rad8 24. Bf3 Qc8 25. Rxd8 Rxd8 26. Rxd8+ Qxd8 27. h3 Qd7 28. Bxb7 Qxb7 29. Qd3 Qc7 30. Qd6 Qxd6 31. Bxd6 e4 32. b4 Kg8 33. b5 Bf8 34. Bb8 Bc5 35. a4 Kf8 36. Bxa7 Ke7 37. a5 Kd7 38. Bxb6 Bb4 39. a6 Kc8 40. c5 Kb8 41. c6 Bd6 42. a7+ Ka8 43. c7 Bb4 44. c8Q# 1-0

[Event "CRO-chT U20 18th"]
[Site "Sv Filip i Jakov"]
[Date "2009.04.15"]
[Round "3"]
[White "Svetinovic, Darjan"]
[Black "Plenca, Julian"]
[Result "0-1"]
[WhiteElo "1896"]
[BlackElo "2248"]
[PlyCount "92"]
[EventDate "2009.04.14"]
[EventType "team-tourn"]
[EventRounds "11"]
[EventCountry "CRO"]
[SourceTitle "CBM 129 Extra"]
[Source "ChessBase"]
[SourceDate "2009.05.05"]
[SourceVersion "2"]
[SourceVersionDate "2009.05.20"]
[SourceQuality "1"]

1. e4 e5 2. Nf3 Nc6 3. Bb5 a6 4. Bxc6 dxc6 5. d4 exd4 6. Qxd4 Qxd4 7. Nxd4 Nf6 8. f3 c5 9. Ne2 g6 10. Be3 Be7 11. Nd2 Bd7 12. 0-0 0-0-0 13. Rfd1 Rhe8 14. Nb3 b6 15. Nf4 Bc6 16. c3 Bd6 17. Re1 Nd7 18. Nh3 f6 19. Rad1 Ne5 20. Nf2 Ba4 21. Rb1 c4 22. Nd4 c5 23. b3 cxb3 24. axb3 Bd7 25. Nc2 Kb7 26. Rbd1 Be6 27. c4 g5 28. h3 b5 29. cxb5 axb5 30. Rb1 b4 31. Ng4 Nxg4 32. hxg4 Kc6 33. Rec1 Kb5 34. Rd1 Be5 35. Rxd8 Rxd8 36. Ne1 Bc3 37. Nc2 Ra8 38. Ne1 Bxb3 39. Rxb3 Bxe1 40. Rb1 Bc3 41. Rd1 Ra1 42. Rxa1 Bxa1 43. f4 gxf4 44. Bxf4 b3 45. g5 b2 46. gxf6 b1Q+ 0-1

[Event "CRO-chT U20 18th"]
[Site "Sv Filip i Jakov"]
[Date "2009.04.14"]
[Round "2"]
[White "Ivekovic, Zvonimir"]
[Black "Svetinovic, Darjan"]
[Result "1-0"]
[WhiteElo "2266"]
[BlackElo "1896"]
[PlyCount "47"]
[EventDate "2009.04.14"]
[EventType "team-tourn"]
[EventRounds "11"]
[EventCountry "CRO"]
[SourceTitle "CBM 129 Extra"]
[Source "ChessBase"]
[SourceDate "2009.05.05"]
[SourceVersion "2"]
[SourceVersionDate "2009.05.20"]
[SourceQuality "1"]

1. e4 c5 2. Nf3 d6 3. d4 cxd4 4. Nxd4 Nf6 5. Nc3 g6 6. Be3 Bg7 7. f3 Nc6 8. Qd2 0-0 9. 0-0-0 d5 10. exd5 Nxd5 11. Nxc6 bxc6 12. Bd4 Nxc3 13. Qxc3 Bxd4 14. Rxd4 Qb6 15. h4 h5 16. g4 c5 17. Re4 hxg4 18. h5 Qf6 19. Qxf6 exf6 20. hxg6 Bb7 21. gxf7+ Rxf7 22. Rxg4+ Rg7 23. Bc4+ Kf8 24. Rh8+ 1-0

[Event "Osijek op"]
[Site "Osijek"]
[Date "2009.02.08"]
[Round "9"]
[White "Svetinovic, Darjan"]
[Black "Tomic, Miroslav"]
[Result "1-0"]
[WhiteElo "1896"]
[BlackElo "2057"]
[PlyCount "105"]
[EventDate "2009.01.31"]
[EventType "swiss"]
[EventRounds "9"]
[EventCountry "CRO"]
[SourceTitle "EXT 2010"]
[Source "ChessBase"]
[SourceDate "2010.11.25"]
[SourceVersion "1"]
[SourceVersionDate "2010.11.25"]
[SourceQuality "1"]

1. c4 c5 2. Nc3 Nf6 3. Nf3 Nc6 4. g3 d6 5. Bg2 e6 6. 0-0 Be7 7. d3 Rb8 8. Rb1 0-0 9. a3 d5 10. cxd5 Nxd5 11. d4 Nxd4 12. Nxd4 cxd4 13. Qxd4 Bf6 14. Qxa7 Nxc3 15. bxc3 Qc7 16. Bf4 e5 17. Be3 Bf5 18. Rxb7 Rxb7 19. Qxb7 Qxc3 20. Qb4 Qc2 21. Qd2 Qc4 22. Rc1 Qe6 23. Bc5 Rd8 24. Qe1 e4 25. Rd1 Rc8 26. Bb4 h5 27. Qd2 Rd8 28. Qe1 Rc8 29. e3 Qc4 30. Qd2 Rc7 31. h3 Rc8 32. Kh2 Qb3 33. Qd5 Qxd5 34. Rxd5 g6 35. Bf1 Rc2 36. Rd2 Rc1 37. Be2 Kg7 38. Kg2 Be6 39. Bb5 Rb1 40. Bc6 Rxb4 41. axb4 Bc3 42. Rd8 Bxb4 43. Bxe4 Kf6 44. Rb8 Bd6 45. Rb6 Ke7 46. h4 Bc5 47. Rb7+ Kf6 48. Rc7 Be7 49. Rc6 Ke5 50. Bf3 Bd7 51. Ra6 Bd6 52. Ra5+ Kf6 53. Bd5 1-0

[Event "CRO-chT U16"]
[Site "Nasice"]
[Date "2008.12.30"]
[Round "7"]
[White "Svetinovic, Darjan"]
[Black "Srbis, Jurica"]
[Result "1/2-1/2"]
[WhiteElo "1888"]
[BlackElo "2152"]
[PlyCount "89"]
[EventDate "2008.12.27"]
[EventType "team-tourn"]
[EventRounds "7"]
[EventCountry "CRO"]
[SourceTitle "CBM 128 Extra"]
[Source "ChessBase"]
[SourceDate "2009.03.05"]
[SourceVersion "2"]
[SourceVersionDate "2009.03.25"]
[SourceQuality "1"]

1. c4 e5 2. Nc3 g6 3. g3 Bg7 4. Bg2 d6 5. d3 Ne7 6. e4 c6 7. Nge2 0-0 8. 0-0 f5 9. f3 Kh8 10. Be3 Be6 11. b3 c5 12. h3 Nbc6 13. Nd5 Bxd5 14. cxd5 Nd4 15. Qd2 Nxe2+ 16. Qxe2 f4 17. Bf2 fxg3 18. Bxg3 g5 19. Rac1 Ng6 20. Rf2 Bh6 21. Rc2 Nh4 22. Bf1 Qe8 23. Bg2 Rf6 24. Qf1 Qf7 25. Kh1 Rf8 26. Rb2 Nxf3 27. Bxf3 Rxf3 28. Kg2 Rxf2+ 29. Rxf2 Qe7 30. Rxf8+ Qxf8 31. Qxf8+ Bxf8 32. Kf3 Kg7 33. Kg4 Kg6 34. Bf2 h5+ 35. Kf3 Be7 36. Be3 a6 37. Bd2 Kf7 38. Be1 Ke8 39. Bd2 Kd7 40. Kg3 Bd8 41. Kf3 b5 42. Kg3 Kc8 43. Kf3 Kb7 44. Kg3 Kb6 45. Kf3 1/2-1/2

[Event "Valpovo op U20"]
[Site "Valpovo"]
[Date "2008.12.07"]
[Round "7"]
[White "Svetinovic, Darjan"]
[Black "Imsirovic, Alen"]
[Result "1/2-1/2"]
[WhiteElo "1888"]
[BlackElo "1841"]
[PlyCount "38"]
[EventDate "2008.12.05"]
[EventType "swiss (rapid)"]
[EventRounds "7"]
[EventCountry "CRO"]
[SourceTitle "EXT 2010"]
[Source "ChessBase"]
[SourceDate "2010.11.25"]
[SourceVersion "1"]
[SourceVersionDate "2010.11.25"]
[SourceQuality "1"]

1. c4 c5 2. Nf3 Nf6 3. Nc3 d5 4. cxd5 Nxd5 5. e3 e6 6. d4 Be7 7. Be2 0-0 8. 0-0 b6 9. Nxd5 Qxd5 10. b3 Ba6 11. Bb2 Bxe2 12. Qxe2 Nd7 13. Rfd1 Qe4 14. dxc5 Nxc5 15. Rd4 Qg6 16. Ne5 Qh6 17. Ng4 Qg6 18. Ne5 Qh6 19. Ng4 Qg6 1/2-1/2